Normal view
MARC view
Entry Personal Name
001 - CONTROL NUMBER
- control field: 17910
003 - CONTROL NUMBER IDENTIFIER
- control field: BD-RjUL
005 - DATE AND TIME OF LATEST TRANSACTION
- control field: 20260330145310.0
008 - FIXED-LENGTH DATA ELEMENTS
- fixed length control field: 260330|| aca||aabn | a|a d
040 ## - CATALOGING SOURCE
- Original cataloging agency: BD-RjUL
- Transcribing agency: BD-RjUL
100 ## - HEADING--PERSONAL NAME
- Personal name: Nair, R
670 ## - SOURCE DATA FOUND
- Source citation: Work cat.: (BD-RjUL)86270: Nair, R. , Taxonomy of Angiosperms /, 2023